| 000 -LEADER |
| fixed length control field |
00443nam a22001577a 4500 |
| 008 - FIXED-LENGTH DATA ELEMENTS--GENERAL INFORMATION |
| fixed length control field |
201201b ||||| |||| 00| 0 eng d |
| 040 ## - CATALOGING SOURCE |
| Original cataloging agency |
BMS College of Architecture |
| 100 ## - MAIN ENTRY--PERSONAL NAME |
| Personal name |
M, Amritha |
| 245 ## - TITLE STATEMENT |
| Title |
Kota revival centre |
| 300 ## - PHYSICAL DESCRIPTION |
| Extent |
45p. |
| 500 ## - GENERAL NOTE |
| General note |
1BM12AT001 |
| 502 ## - DISSERTATION NOTE |
| Degree type |
B,Arch |
| Name of granting institution |
BMS College of Architecture, Visvesvaraya Technological University (VTU) |
| Dissertation note |
Project report |
| Year degree granted |
2017 |
| 650 ## - SUBJECT ADDED ENTRY--TOPICAL TERM |
| Topical term or geographic name as entry element |
NA |
| 700 ## - ADDED ENTRY--PERSONAL NAME |
| Personal name |
NA |
| 942 ## - ADDED ENTRY ELEMENTS (KOHA) |
| Source of classification or shelving scheme |
|
| Koha item type |
UG-Thesis and Dissertations |